| 000 | 00604nam a2200205Ii 4500 | ||
|---|---|---|---|
| 001 | 3595 | ||
| 003 | CO-ViMGA | ||
| 008 | 241108s9999||||xx |||||||||||||| ||und|| | ||
| 040 |
_aCO-ViMGA _bspa _erda _cCO-ViMGA |
||
| 041 | 0 | _aspa | |
| 082 | 0 | 4 | _aC866 - C965 |
| 100 | 1 |
_aRufino José Cuervo _951954 |
|
| 245 | 1 | 0 | _aEpistolario |
| 264 | 1 | _aBogotá, Colombia : Imprenta Patriótica del Instituto Caro y Cuervo, 1969 | |
| 300 | _avolumen | ||
| 336 |
_atext _btxt _2rdacontent |
||
| 337 |
_aunmediated _bn _2rdamedia |
||
| 338 |
_avolume _bnc _2rdacarrier |
||
| 940 | _aidficha_siabuc: 3509. -- ficha_no_siabuc:3595 | ||
| 999 |
_c46717 _d46717 |
||